000 00448nam a2200181Ia 4500
005 20240823062234.0
008 240823s9999||||xx |||||||||||||| ||und||
041 _aENGLISH
082 _A537 N3
100 _a"Ramo,Simon [etal]"
245 0 _aFields and Waves in Communication Electronics
250 _a3rd
260 _c1993
_b"John Wiley,Singapore"
500 _aTRANSFERED
650 _aPhysics
_bPhysics
942 _cBK
999 _c235411
_d235411